LEADER 01100nam a2200253 i 4500 001 000000144246 003 CaOOAMICUS 005 20220214141347.0 008 051025s1967 fr u000 u fre u 013 $a119604 040 $aSeMil$bita 100 1 $aJolif, Jean-Yves,$c.$0(OLS)http://semarc/name/5578 245 10$a1: Introduction à une anthropologie philosophique /$cJ.-Y. Jolif. 264 1$aParis :$bLes Éditions du Cerf,$c1967. 300 $a302 p. ;$c22 cm 490 0 $aCogitatio Fidei ;$v26 773 0 $aJolif, Jean-Yves $tComprendre l'homme.$dParis : Les Éditions du Cerf, 1967-$kCogitatio Fidei $g1$w()14531 830 0$aCogitatio Fidei ;$v26.$0(OLS)http://semarc/title/206 850 $aSeMil 852 $aSeMil$W1$xVenegono$y1$m2BA N 26$j97192$B97192$CSeMilBibl$Z2$F104944 $81 961 $aLascito: Corradi mons. Enrico 996 $6245$a1: Introduction à une anthropologie philosophique$9(OLS)http://semarc/title/210987 996 $6264$aParis :$bLes Éditions du Cerf$9(OLS)http://semarc/publisher/29611 LEADER 00997nam a2200253 i 4500 001 000000230066 003 CaOOAMICUS 005 20140526000000.0 008 140526s1926 fr u000 u fre u 013 $a208968 040 $aSeMil$bita 245 10$a1a-2ae, Questions 6-21 /$cTraduction française par M.S. Gillet. 250 $a2. ed. 300 $a478 p. 500 $aFondo card. Giovanni Colombo. 700 0 $aTommaso : d'Aquino,$c.$0(OLS)http://semarc/name/423 700 1 $aGillet, Martin Stanislas,$c.$0(OLS)http://semarc/name/89805 773 0 $aTommaso : d'Aquino $tSomme Théologique.$dParis ; Tournai ; Rome : Desclée & Cie, 1926-1938.$w()30229 773 0 $tActes humains.$w()30692 850 $aSeMil 852 $aSeMil$W1$xVenegono$y1$m3GC I 102$j180412$B180412$CSeMilBibl$Z2$F192545 $8B 941 1 $a3 961 $aLascito: Colombo Card. Giovanni 996 $6245$a1a-2ae, Questions 6-21$9(OLS)http://semarc/title/186457